| 000 | 00924nam a2200277Ia 4500 | ||
|---|---|---|---|
| 003 | GCL | ||
| 008 | 140319s9999 xx 000 0 ara d | ||
| 020 | _a5403293977 | ||
| 040 |
_aGCL / _cGCL |
||
| 082 | 0 | 4 |
_aق _b916.2 _bع ذ |
| 100 | 1 | _aخالد عزب | |
| 245 | 1 | 0 |
_aذيل خطط المقريزى / _cخالد عزب |
| 700 | 1 | _aعبدالحميد نافع | |
| 700 | 1 | _aمحمد السيد حمدى | |
| 250 | _aالاولى | ||
| 260 |
_aالقاهرة : _bمكتبة الدار العربية للكتاب ، _c2006 |
||
| 300 |
_a238 ص ؛ _c24 سم |
||
| 650 | 0 | 4 | _aالقاهرة - شوارع |
| 650 | 0 | 4 | _aالقاهرة - المدارس |
| 650 | 0 | 4 | _aالقاهرة - اثار |
| 650 | 0 | 4 | _aالقاهرة - تاريخ |
| 650 | 0 | 4 | _aالقاهرة - المبانى التاريخية |
| 650 | 0 | 4 | _aالقاهرة - قصور |
| 650 | 0 | 4 | _aالقاهرة - حدائق عامة |
| 942 |
_2ddc _cBK |
||
| 999 |
_c9877 _d9877 |
||